|
|
|
|
| LEADER |
02734nam a2200397 a 4500 |
| 001 |
15326656 |
| 003 |
BD-DhAAL |
| 005 |
20250717115812.0 |
| 008 |
090705r20082007bg b 000 1 eng d |
| 010 |
|
|
|a 2008299413
|
| 020 |
|
|
|a 0061478741
|
| 020 |
|
|
|a 9847012400098
|
| 040 |
|
|
|a BTCTA
|c BTCTA
|d BAKER
|d YDXCP
|d OCLCQ
|d MR0
|d CO2
|d OCLCQ
|d DLC
|
| 082 |
0 |
4 |
|a 823.92
|2 22
|
| 100 |
1 |
|
|a Anam, Tahmima,
|d 1975-
|9 7267
|
| 245 |
1 |
2 |
|a A golden age :
|b a novel /
|c Tahmima Anam.
|
| 260 |
|
|
|a Dhaka :
|b Shahitya Prakash ;
|a New York :
|b HarperCollins,
|c 2007 [reprinted 2008].
|
| 300 |
|
|
|a 276 pages :
|b map ;
|c 24 cm.
|
| 520 |
|
|
|a As she plans a party for her son and daughter, Rehana Haque's life will be transformed in a story of one family caught in the middle of the 1971 Bangladesh War of Independence, as they face changes and decisions that will have a profound impact on their lives.
|
| 526 |
|
|
|a AAL
|x Kh. Ali Murtoza
Ayesha Abed Library, BRAC University
|
| 541 |
1 |
|
|e 0017219
|a New Age International
|
| 650 |
|
0 |
|a Widows
|z Bangladesh
|v Fiction.
|9 7268
|
| 650 |
|
0 |
|a Family
|z Bangladesh
|v Fiction.
|9 7269
|
| 651 |
|
0 |
|a Bangladesh
|x History
|y Revolution, 1971
|v Fiction.
|9 6007
|
| 655 |
|
0 |
|a Domestic fiction.
|
| 655 |
|
7 |
|a Historical fiction.
|2 gsafd
|
| 852 |
4 |
|
|a Ayesha Abed Library
|c General Stacks
|
| 942 |
|
|
|2 ddc
|c BK
|
| 999 |
|
|
|c 2024
|d 2024
|
| 952 |
|
|
|0 0
|1 0
|2 ddc
|4 0
|6 823_920000000000000_ANA_2007
|7 0
|9 1860
|a BRACUL
|b BRACUL
|c GEN
|d 2009-07-05
|e New Age International
|g 350.00
|l 21
|m 133
|o 823.92 ANA
|p 3010017219
|r 2019-10-13
|s 2019-09-22
|t 6
|v 630.00
|w 2009-07-05
|y BK
|x Requisitioned by Kh. Ali Murtoza, Ayesha Abed Library, BRAC University.
|
| 952 |
|
|
|0 0
|1 0
|2 ddc
|4 0
|6 823_920000000000000_ANA
|7 0
|9 44689
|a BRACUL
|b BRACUL
|c GEN
|d 2015-01-10
|e BRAC Institute of Language (BIL)
|l 7
|m 4
|o 823.92 ANA
|p 3010028824
|r 2026-03-01
|s 2026-02-02
|t 7
|w 2015-01-10
|y BK
|x Transferred from BIL to BRACUL on 06/06/22
|
| 952 |
|
|
|0 0
|1 0
|2 ddc
|4 0
|6 823_920000000000000_ANA
|7 0
|9 54710
|a SCL
|b SCL
|c GEN
|d 2015-07-05
|g 270.00
|l 7
|m 34
|o 823.92 ANA
|p 3020006920
|r 2020-03-08
|s 2020-01-21
|t 2
|w 2015-07-05
|y BK
|
| 952 |
|
|
|0 0
|1 0
|2 ddc
|4 0
|6 823_920000000000000_ANA
|7 0
|9 54794
|a SCL
|b SCL
|c GEN
|d 2015-07-06
|g 270.00
|l 8
|m 24
|o 823.92 ANA
|p 3020006921
|r 2023-06-12
|s 2023-05-29
|t 3
|w 2015-07-06
|y BK
|
| 952 |
|
|
|0 0
|1 0
|2 ddc
|4 0
|6 823_920000000000000_ANA
|7 0
|9 54849
|a SCL
|b SCL
|c GEN
|d 2015-07-08
|g 270.00
|l 11
|m 48
|o 823.92 ANA
|p 3020006923
|r 2022-12-06
|s 2022-11-13
|t 5
|w 2015-07-08
|y BK
|
| 952 |
|
|
|0 0
|1 0
|2 ddc
|4 0
|6 823_920000000000000_ANA
|7 0
|9 54850
|a SCL
|b SCL
|c GEN
|d 2015-07-08
|g 270.00
|l 13
|m 47
|o 823.92 ANA
|p 3020006922
|r 2026-02-02
|s 2026-02-01
|t 4
|w 2015-07-08
|y BK
|
| 952 |
|
|
|0 0
|1 0
|2 ddc
|4 0
|6 823_000000000000000__92_ANA
|7 0
|9 56328
|a SCL
|b SCL
|c GEN
|d 2015-10-17
|g 270.00
|l 11
|m 34
|o 823.92 ANA
|p 3020006919
|r 2019-10-20
|s 2019-09-28
|t 1
|w 2015-10-17
|y BK
|